000 004880000a22001810004500
003 LK-CoMWRAF
008 230817t ||||| |||| 00| 0 eng d
020 _a071539939X
040 _aLK-CoMWRAF
_dLK-CoMWRAF
_eLK-CoMWRAF
041 _aeng
082 _a800
_bCRA
100 _aCrabtree, Caroline
245 _aWorld Embroidery
_b25 Original Projects from Traditional Designs
260 _bDavid & Charles Book
_a
_c1993
300 _ap.143
650 _aTraining Materials
942 _cBK
999 _c1315
_d1315